50 Personnalités francophones #9 - Statistiques

Statistiques générales
  • Ce quiz a été pris 103 fois
  • Le résultat moyen est 23 sur 50
Statistiques - réponses
Par images Réponse % Correct
Cyril Hanouna
90%
Kad Merad
85%
Alain Souchon
84%
Matt Pokora
84%
Patrick Bruel
84%
Diam's
82%
Mimie Mathy
81%
Laurent Voulzy
80%
Dany Boon
77%
Messmer
73%
Alain Prost
71%
Daniel Auteuil
68%
Laurent Blanc
67%
Lily-Rose Depp
63%
Christine Bravo
62%
Victor Wembanyama
61%
Bruno Guillon
59%
Jamy Gourmaud
59%
Karine Ferri
59%
Laurence Boccolini
59%
Paul Bocuse
54%
Alison Wheeler
52%
David Ginola
52%
Laurent Ournac
52%
Eric Ciotti
51%
Sylvie Tellier
51%
Kevin Mayer
48%
Alessandra Sublet
44%
Frédéric Bel
44%
Jean d'Ormesson
41%
Gaëtan Roussel
40%
Olivier Faure
38%
Flavie Flament
34%
Isabelle Mergault
34%
Hélène Rollès
28%
Olivier Baroux
27%
Clotilde Courau
26%
Philippe Lelièvre
22%
Lucie Lucas
20%
Maïtena Biraben
19%
Stéphane Rousseau
19%
Laurence Arné
16%
Julie de Bona
13%
Stéfi Celma
11%
Jean-Jacques Annaud
10%
Frédéric Anton
9%
Benjamin Voisin
8%
Bastien Bouillon
5%
Anamaria Vartolomei
4%
Emilie Caen
4%
Aucun quiz correspondant
Distribution des résultats
% des personnes avec chaque résultat
Percentile par nombre de réponses
Votre historique - résultats
Vous n’avez pas pris ce quiz